LEADER 01407nam a2200277 i 4500 001 000000030076 003 CaOOAMICUS 005 20230427125614.0 008 180830s17201739ne u000 u fre u 040 $aSeMil$bita 100 1 $aSaurin, Jacques.$0(OLS)http://semarc/name/13773 245 10$aDiscours historiques, critiques, theologiques, et moraux, sur les evenemens les plus memorables du Vieux et du Nouveau Testament. Par M. Saurin, ministre du S. Evangile a La Haye. Tome 1. [-11.]. 264 1$aA la Haye :$bChez Pierre De Hondt ;$aA Amsterdam :$bChez Henri du Sauzet,$c1720-1739. 300 $a11 v. ;$c4°. 700 1 $aSauzet, Henri : de,$c.$0(OLS)http://semarc/name/13774 774 0 $tTome 1, sur la Genèse.$g1$w()230692 774 0 $tTome 2.$g2$w()230693 774 0 $tTome 3.$g3$w()230709 774 0 $tTome 4.$g4$w()230712 774 0 $tTome 6.$g6$w()230710 774 0 $tTome 7.$g7$w()230713 774 0 $tTome 8.$g8$w()230714 996 $6245$aDiscours historiques, critiques, theologiques, et moraux, sur les evenemens les plus memorables du Vieux et du Nouveau Testament. Par M. Saurin, ministre du S. Evangile a La Haye. Tome 1. [-11.]$9(OLS)http://semarc/title/40926 996 $6264$aA la Haye :$bChez Pierre De Hondt$9(OLS)http://semarc/publisher/38362 996 $6264$aA Amsterdam :$bChez Henri du Sauzet$9(OLS)http://semarc/publisher/38361 LEADER 01094nam a2200241 i 4500 001 000000244456 003 CaOOAMICUS 005 20260210150939.0 008 150807s1932 it u000 u ita u 013 $a223361 040 $aSeMil$bita 100 1 $aSesini, Ugo.$0(OLS)http://semarc/name/57070 245 13$aLa notazione comasca nel Cod. Ambrosiano E. 68 Sup. /$cM. D. Ugo Sesini. 260 $aMilano :$bCasa editrice d'arte e liturgia Beato Angelico,$c1932. 300 $a34 p., [5] p. di tav. :$bill. ;$c25 cm. 490 1 $aStudi e testi liturgico-musicali ;$v 650 4$aComo - Notazione musicale - Storia.$0(OLS)http://semarc/subject/42569 830 0$aStudi e testi liturgico-musicali.$0(OLS)http://semarc/title/32350 850 $aSeMil 852 $aSeMil$W1$xVenegono$y1$m3Q V 51$j194802$B194802$CSeMilBibl$Z2$F205455 $8M 996 $6245$aLa notazione comasca nel Cod. Ambrosiano E. 68 Sup.$9(OLS)http://semarc/title/346394 996 $6260$aMilano :$bCasa editrice d'arte e liturgia Beato Angelico$9(OLS)http://semarc/publisher/34924